000 00319nam a2200133Ia 4500
005 20260328101522.0
008 260328s9999||||xx |||||||||||||| ||und||
100 _aSegawa, Hugo
245 0 _aO conjunto KKKK /
_cHugo Segawa
260 _bGrupo Takano
300 _a96 p.
650 _aARQUITECTURA REGIONAL
942 _cBK
999 _c9643
_d9643